[Event "HUN-chT2 Breyer 2223"]
[Site "Hungary"]
[Date "2023.03.12"]
[Round "9.6"]
[White "Farkas, Balint"]
[Black "Tessedik, Karoly"]
[Result "1/2-1/2"]
[WhiteElo "1968"]
[BlackElo "1802"]
[PlyCount "69"]
[EventDate "2022.10.16"]
[EventType "team-tourn"]
[EventRounds "11"]
[EventCountry "HUN"]
[SourceTitle "EXT 2025"]
[Source "ChessBase"]
[SourceDate "2024.10.14"]
[SourceVersion "1"]
[SourceVersionDate "2024.10.14"]
[SourceQuality "1"]
[WhiteTeam "Naszaly Geniusz Tata"]
[BlackTeam "Zsambek"]
[WhiteTeamCountry "HUN"]
[BlackTeamCountry "HUN"]

1. d4 g6 2. e4 Bg7 3. c3 c5 4. dxc5 Qc7 5. Be3 Nc6 6. Nf3 Nf6 7. Nbd2 Ng4 8. Qe2 Nxe3 9. Qxe3 0-0 10. Bd3 d6 11. cxd6 exd6 12. 0-0 Bg4 13. h3 Bxf3 14. Nxf3 Rfe8 15. Qf4 Ne5 16. Nxe5 Bxe5 17. Qd2 a6 18. a4 Rad8 19. Qc2 Qc5 20. Qb3 d5 21. Qxb7 dxe4 22. Bxe4 Rb8 23. Qc6 Qxc6 24. Bxc6 Rec8 25. Bd5 Rxb2 26. c4 Rcb8 27. Rad1 Rc2 28. Rfe1 Bf6 29. Rb1 Rxb1 30. Rxb1 Bd4 31. Rb8+ Kg7 32. Ra8 Rxf2 33. Kh2 Be5+ 34. Kg1 Bd4 35. Kh2 1/2-1/2

[Event "HUN-chT2 Breyer 1011"]
[Site "Hungary"]
[Date "2011.05.01"]
[Round "10.9"]
[White "Fekete, Andras"]
[Black "Farkas, Balint"]
[Result "1/2-1/2"]
[WhiteElo "1988"]
[BlackElo "2057"]
[PlyCount "62"]
[EventDate "2010.09.12"]
[EventType "team-tourn"]
[EventRounds "11"]
[EventCountry "HUN"]
[SourceTitle "EXT 2012"]
[Source "ChessBase"]
[SourceDate "2011.11.24"]
[SourceVersion "1"]
[SourceVersionDate "2011.11.24"]
[SourceQuality "1"]
[WhiteTeam "Biatorbagy"]
[BlackTeam "Geniusz Tata"]
[WhiteTeamCountry "HUN"]
[BlackTeamCountry "HUN"]

1. e4 c5 2. Nf3 Nc6 3. Nc3 d6 4. Be2 g6 5. 0-0 Bg7 6. d3 Nf6 7. Bd2 0-0 8. Qc1 Bg4 9. Be3 b6 10. h3 Bxf3 11. Bxf3 Rc8 12. a3 a5 13. Be2 e6 14. f4 Ne7 15. Bd2 d5 16. e5 Ne8 17. g4 Nc6 18. Qe1 Nd4 19. Bd1 f5 20. g5 Nc7 21. Ne2 Nxe2+ 22. Bxe2 Nb5 23. c3 d4 24. c4 Na7 25. h4 Rf7 26. Rf2 Nc6 27. Bf3 Ra7 28. Rh2 Kf7 29. Kf2 Qc7 30. Qh1 Ne7 31. h5 Qb8 1/2-1/2

[Event "HUN-chT2 Breyer 0910"]
[Site "Hungary"]
[Date "2010.05.02"]
[Round "11"]
[White "Kiss, Istvan"]
[Black "Farkas, Balint"]
[Result "0-1"]
[WhiteElo "2195"]
[BlackElo "2046"]
[PlyCount "100"]
[EventDate "2009.11.08"]
[EventType "team-tourn"]
[EventRounds "11"]
[EventCountry "HUN"]
[SourceTitle "EXT 2011"]
[Source "ChessBase"]
[SourceDate "2010.11.26"]
[SourceVersion "1"]
[SourceVersionDate "2010.11.26"]
[SourceQuality "1"]
[WhiteTeam "Zoltek"]
[BlackTeam "Geniusz Tata"]
[WhiteTeamCountry "HUN"]
[BlackTeamCountry "HUN"]

1. e4 c5 2. g3 g6 3. Bg2 Bg7 4. Ne2 d6 5. 0-0 Nf6 6. c3 0-0 7. d3 Nc6 8. Na3 Rb8 9. f4 Bg4 10. Qe1 Qd7 11. Nc2 Rfc8 12. Bd2 Bxe2 13. Qxe2 Ne8 14. f5 e6 15. g4 Rc7 16. Bg5 f6 17. fxe6 Qxe6 18. Bf4 g5 19. Bg3 Ne5 20. h3 Rbc8 21. d4 Nf7 22. dxc5 Rxc5 23. Bf2 Ra5 24. Nd4 Qe5 25. Be1 Qe7 26. Nb3 Ra4 27. Bf2 b6 28. Nd4 Rac4 29. Rfd1 Ne5 30. Bf1 Bf8 31. Qe3 R4c7 32. Nb5 Rd7 33. Nd4 Ng7 34. b3 Ne6 35. Nf5 Qd8 36. Ba6 Rb8 37. Nd4 Nf4 38. Ne2 Nxe2+ 39. Bxe2 d5 40. Bg3 Bc5 41. Rd4 dxe4 42. Rad1 Bxd4 43. cxd4 Rc8 44. Bxe5 fxe5 45. Bc4+ Rxc4 46. bxc4 Rxd4 47. Rf1 Rxc4 48. Rf2 h6 49. Kg2 Qd3 50. Qe1 e3 0-1

[Event "HUN-chT2 Charousek 0304"]
[Site "Hungary"]
[Date "2004.04.04"]
[Round "10"]
[White "Samu, Ferenc"]
[Black "Farkas, Balint"]
[Result "1/2-1/2"]
[WhiteElo "2055"]
[BlackElo "1887"]
[PlyCount "77"]
[EventDate "2003.09.28"]
[EventType "team-tourn"]
[EventRounds "11"]
[EventCountry "HUN"]
[SourceTitle "EXT 2005"]
[Source "ChessBase"]
[SourceDate "2004.11.15"]
[SourceVersion "1"]
[SourceVersionDate "2004.11.15"]
[SourceQuality "1"]

1. e4 c5 2. c3 Nc6 3. d4 cxd4 4. cxd4 d5 5. exd5 Qxd5 6. Nf3 Bg4 7. Be2 e6 8. 0-0 Nf6 9. Nc3 Qd8 10. a3 a6 11. Be3 Be7 12. Rc1 0-0 13. h3 Bh5 14. Qd2 Rc8 15. Rfd1 Nd5 16. Nxd5 Qxd5 17. Bc4 Qa5 18. g4 Bg6 19. Qxa5 Nxa5 20. Ba2 Bf6 21. Ne5 Rxc1 22. Rxc1 Bxe5 23. dxe5 Nc6 24. Bc5 Rd8 25. Bd6 Bd3 26. Rc3 Bb5 27. Bc4 Nd4 28. Bxb5 Nxb5 29. Rb3 Rd7 30. a4 Nxd6 31. exd6 f6 32. Rb6 e5 33. Kg2 Kf7 34. b4 h6 35. Kf3 Ke6 36. Ke4 g6 37. f3 f5+ 38. Ke3 f4+ 39. Ke2 1/2-1/2

[Event "HUN-chT2 Charousek 0304"]
[Site "Hungary"]
[Date "2003.10.05"]
[Round "2"]
[White "Szijarto, Laszlo"]
[Black "Farkas, Balint"]
[Result "1/2-1/2"]
[WhiteElo "2071"]
[BlackElo "1887"]
[PlyCount "96"]
[EventDate "2003.09.28"]
[EventType "team-tourn"]
[EventRounds "11"]
[EventCountry "HUN"]
[SourceTitle "EXT 2005"]
[Source "ChessBase"]
[SourceDate "2004.11.15"]
[SourceVersion "1"]
[SourceVersionDate "2004.11.15"]
[SourceQuality "1"]

1. d4 d5 2. c4 e6 3. a3 b6 4. Nc3 Bb7 5. Bf4 dxc4 6. e4 a6 7. Bxc4 Nf6 8. f3 Be7 9. Nge2 0-0 10. b4 Nbd7 11. 0-0 c6 12. Rb1 Nh5 13. Be3 e5 14. d5 cxd5 15. Bxd5 Bxd5 16. Nxd5 Nhf6 17. Nec3 b5 18. Qb3 Nxd5 19. Nxd5 Bg5 20. Bf2 Nf6 21. Bc5 Nxd5 22. exd5 Be7 23. Rfd1 Bd6 24. Rbc1 Rc8 25. Qe3 Qd7 26. Re1 Rfe8 27. Bxd6 Rxc1 28. Qxc1 Qxd6 29. Qc6 Rd8 30. Rc1 Kf8 31. Rc5 Ke7 32. Qb7+ Rd7 33. Qc8 Rd8 34. Qf5 h6 35. Kf2 Rd7 36. Qc2 Qb6 37. Qc3 f6 38. Kg3 Qd8 39. f4 Qb8 40. fxe5 Qxe5+ 41. Qxe5+ fxe5 42. Kf3 Kf6 43. Ke4 Rd6 44. Rc6 Rxc6 45. dxc6 Ke6 46. h4 Kd6 47. g4 Kxc6 48. Kxe5 Kd7 1/2-1/2